Atmospheric chemistry and physics of air pollution

Αποθηκεύτηκε σε:
Λεπτομέρειες βιβλιογραφικής εγγραφής
Κύριος συγγραφέας: Seinfeld, John H.
Μορφή: Βιβλίο
Γλώσσα:English
Δημοσίευση: New York : John Wiley and Sons, c1986
Θέματα:
Ετικέτες: Προσθήκη ετικέτας
Δεν υπάρχουν, Καταχωρήστε ετικέτα πρώτοι!

MARC

LEADER 00000pam a2200000 i 4500
001 1/87304
008 950328s1986 eng d
020 |a 0-471-82857-2 
035 |l 10006686 
040 |a GR-MY-UA  |b gre  |e aacr 
041 0 |a eng 
082 0 |a 628.5 
100 1 |a Seinfeld, John H. 
245 1 0 |a Atmospheric chemistry and physics of air pollution /  |c John H. Seinfeld 
246 3 3 |a Air pollution 
260 |a New York :   |b John Wiley and Sons,   |c c1986 
300 |a xxiii, 738 p.;  |c 25 cm 
504 |a Includes bibliographical references and index 
650 0 0 |a Air  |x Pollution. 
650 0 0 |a Atmospheric chemistry. 
650 0 0 |a Environmental chemistry. 
852 |a INST  |b LESVOS  |e 19950328  |h 628.5 SEI  |p 005100002060  |q 005100002060  |t BK  |y 0 
909 |a Λ  |b 010024